| 000 | 00366nam a2200145Ia 4500 | ||
|---|---|---|---|
| 008 | 210210b1985 xxu||||| |||| 00| 0 eng d | ||
| 082 | _a330.954 SING | ||
| 100 | _aSINGH (Gopal). | ||
| 245 | _aGeography of India. | ||
| 260 |
_aDelhi _bAtma Ram & Sons _c1985 |
||
| 300 | _aviii,510 | ||
| 650 | _aGeography of India | ||
| 690 | _aEconomic Geography | ||
| 906 | _a039295 | ||
| 999 |
_c89215 _d89215 |
||